| 000 | 01516cam a2200277 4500 | ||
|---|---|---|---|
| 001 | ABS64316 | ||
| 008 | 010910n2001 000 0 eng u | ||
| 035 | _a(Sirsi) u114497 | ||
| 245 | _aRees and another v Skerrett and another | ||
| 260 | _c2001 | ||
| 490 |
_aWeekly Law Reports _v[2001] 1 WLR 1541-1555(8) |
||
| 520 | _aCA 23 May 2001. Examined the issue of whether the owner of a terraced property (S) owed a duty of care to the adjoining property's owner (R) following the demolition of the first owner's property, which, without adequate steps taken left R's property inadequately supported and weatherproofed down the common wall. The appeal was allowed as it was decided that the owner of an adjoining property owed a duty of care to provide suitable weatherproofing and to provide support not only against the weight of the structure but against the effect of wind suction on the structure. Full copy of judgment available on http://porch.ccta.gov.uk/courtser/judgements.nsf/Search/4DBCDEAC55FF942180256A560056CE89?OpenDocument. | ||
| 590 | _aABS | ||
| 650 | _aREES V SKERRETT | ||
| 650 |
_aParty walls _96258 |
||
| 650 | _aRIGHT OF SUPPORT | ||
| 650 | _aDEMOLITION | ||
| 650 | _aTERRACED HOUSING | ||
| 650 | _aSURVEYORS' DUTY OF CARE | ||
| 650 | _aNEGLIGENCE | ||
| 650 | _aNUISANCE | ||
| 650 | _aOCCUPIERS' LIABILITY | ||
| 690 |
_aBoundary disputes _96221 |
||
| 856 | _uhttps://porch.ccta.gov.uk/courtser/judgements.nsf/Search/4DBCDEAC55FF942180256A560056CE89?OpenDocument | ||
| 942 | _n0 | ||
| 999 |
_c68213 _d68213 |
||